MARC

LEADER 00000nam0a2200000 4500
001 69171
005 20231101212429.0
010 |a 5980270159 
035 |a (RuTPU)RU\TPU\book\73667 
090 |a 69171 
100 |a 20041020d2004 k y0rusy50 ca 
101 0 |a rus 
102 |a RU 
105 |a y z 001zy 
200 1 |a Науковедение: фундаментальные и прикладные проблемы  |f Сибирский институт науковедения; Сибирский институт бизнеса, управления и психологии; Красноярский государственный педагогический университет; Под ред. В. П. Каширина 
210 |a Красноярск  |c Изд-во НИИ СУВПТ  |d 2004 
215 |a 228 с. 
225 1 |a Сборник научных трудов Сибирского института науковедения  |v Вып. 3 
320 |a Библиогр. в конце статей 
610 1 |a наука 
610 1 |a науковедение 
610 1 |a философия 
610 1 |a организации 
610 1 |a этика 
610 1 |a эстетика 
610 1 |a техноведение 
610 1 |a научное право 
610 1 |a военное науковедение 
610 1 |a образовательное науковедение 
610 1 |a биологическое науковедение 
686 |a Ч21  |v LBC/SL-A  |2 rubbk 
702 1 |a Каширин  |b В. П.  |4 340 
712 0 2 |a Сибирский институт науковедения  |2 stltpush  |3 (RuTPU)RU\TPU\col\5831  |9 24141 
712 0 2 |a Сибирский институт бизнеса, управления и психологии  |2 stltpush  |3 (RuTPU)RU\TPU\col\1684 
712 0 2 |a Красноярский государственный педагогический университет  |2 stltpush  |3 (RuTPU)RU\TPU\col\2101 
801 1 |a RU  |b 63413507  |c 20041020  |g PSBO 
801 2 |a RU  |b 63413507  |c 20041109  |g PSBO 
942 |c BK